Sanat - "Tulvii Pohjanmaa" - Janne Tulkki - Statistics

Yleistilastot
  • Tätä visaa on pelattu 54 kertaa
  • Keskiarvotulos 96 / 132
Vastaustilastot
Vastaus % Oikein
tulvii
100%
pohjan
98%
Pohjanmaa
98%
93%
93%
ja
90%
sen
90%
lähdet
85%
sammuu
85%
Sinä
85%
sinä
85%
tähdet
85%
tuuli
83%
joet
80%
kyyneleistä
80%
On
80%
on
80%
täyttyy
80%
pettymyksen
78%
kuin
76%
se
76%
ulvahtaa
76%
niin
73%
ulvahtaa
73%
vierineistä
73%
lakeus
71%
laaja
66%
tunne
66%
ei
63%
saan
59%
et
56%
jäädä
56%
suremaan
56%
edes
54%
kiittänyt
54%
riittänyt
54%
sulle
54%
makeus
51%
mielen
51%
siihen
49%
kestää
46%
yksin
46%
täyttää
44%
elämän
41%
halki
41%
ihmissydämen
39%
että
37%
sakeus
37%
kestävän
34%
kuulu
34%
vain
34%
kun
32%
tuottanut
32%
veren
32%
voima
32%
antaa
29%
luottanut
29%
totinen
29%
tuskaa
29%
luonteen
27%
suoruus
24%
Ehtoja vastaavia visoja ei löytynyt
Tulosjakauma
Jokaisen tuloksen saaneiden osuus
Persentiili vastausten määrän mukaan
Tuloshistoriasi
Et ole pelannut tätä visaa